Научно-методические основы формирования исследовательской культуры студентов (Запись № 13676412)

Подробности
000 -МАРКЕР
контрольное поле 02507nam0a2200385 4500
001 - ИДЕНТИФИКАТОР ЗАПИСИ
контрольное поле RU\NLR\BIBL_A\022576039
005 - ИДЕНТИФИКАТОР ВЕРСИИ
контрольное поле 20260420050225.0
010 ## - МЕЖДУНАРОДНЫЙ СТАНДАРТНЫЙ НОМЕР КНИГИ (ISBN)
Номер (ISBN) 978-5-4263-1471-9
Тираж 500
021 ## - НОМЕР ГОСУДАРСТВЕННОЙ РЕГИСТРАЦИИ
Код страны Российская Федерация
Номер КН-П-25-027894
Номер Листа государственной регистраци КН-П-25-2766
035 ## - ДРУГИЕ СИСТЕМНЫЕ НОМЕРА
Идентификатор записи (NLR Aleph) 022576039
100 ## - ДАННЫЕ ОБЩЕЙ ОБРАБОТКИ
Данные общей обработки 20250630d2024 k y0rusy50 ca
101 0# - ЯЗЫК РЕСУРСА
Язык текста, звукозаписи и т.д. русский
102 ## - СТРАНА ПУБЛИКАЦИИ ИЛИ ПРОИЗВОДСТВА
Страна публикации Российская Федерация
105 ## - ПОЛЕ КОДИРОВАННЫХ ДАННЫХ: ТЕКСТОВЫЕ МАТЕРИАЛЫ, МОНОГРАФИЧЕСКИЕ
Кодированные данные о монографическом текстовом документе a z 000yy
181 #0 - ПОЛЕ КОДИРОВАННЫХ ДАННЫХ: ВИД СОДЕРЖАНИЯ
Код вида содержания (ISBD) i3
Код характеристики содержания (ISBD) axxe
182 #0 - ПОЛЕ КОДИРОВАННЫХ ДАННЫХ: ТИП СРЕДСТВА
Код типа средства (ISBD) n - непосредственное
200 1# - ЗАГЛАВИЕ И СВЕДЕНИЯ ОБ ОТВЕТСТВЕННОСТИ
Основное заглавие Научно-методические основы формирования исследовательской культуры студентов
Сведения, относящиеся к заглавию монография
Первые сведения об ответственности Ю. М. Гришаева, Н. А. Лебедева, Т. И. Березина [и др.]
Последующие сведения об ответственности Министерство просвещения Российской Федерации, Федеральное государственное бюджетное образовательное учреждение высшего образования "Московский педагогический государственный университет"
203 ## - ВИД СОДЕРЖАНИЯ И ТИП СРЕДСТВА
Вид содержания Текст
Дополнительные сведения об издании визуальный
Тип средства непосредственный
210 ## - ПУБЛИКАЦИЯ, РАСПРОСТРАНЕНИЕ И ДР.
Место издания, распространения и т.д. Москва
Имя издателя, распространителя и т. д. МПГУ
Дата издания, распространения и т.д. 2024
215 ## - ФИЗИЧЕСКАЯ ХАРАКТЕРИСТИКА
Специфическое обозначение материала и объем 190, [1] с.
Другие сведения о физической характеристике ил., табл.
Размеры 21
300 ## - ОБЩИЕ ПРИМЕЧАНИЯ
Текст примечания Авт. указаны на обороте тит. л.
300 ## - ОБЩИЕ ПРИМЕЧАНИЯ
Текст примечания В конце кн. авт.: Ю. М. Гришаева, д-р пед. наук, доц., проф., Н. А. Лебедева, канд. экон. наук, доц., Т. И. Березина, д-р пед. наук, проф. [и др.]
320 ## - ПРИМЕЧАНИЯ О НАЛИЧИИ В ДОКУМЕНТЕ БИБЛИОГРАФИИ / УКАЗАТЕЛЯ
Текст примечания Библиогр.: с. 163-186 (295 назв.)
606 1# - НАИМЕНОВАНИЕ ТЕМЫ КАК ПРЕДМЕТ
Наименование темы Высшие учебные заведения
Тематический подзаголовок Научно-исследовательская работа студентов
-- Методология
Системный номер авторитетной/нормативной записи 2405665
Идентификатор авторитетной/нормативной записи RU\NLR\AUTH\6601653129
686 1# - ИНДЕКСЫ ДРУГИХ КЛАССИФИКАЦИЙ
Индекс Ч481.268в
701 #1 - ИМЯ ЛИЦА - АЛЬТЕРНАТИВНАЯ ОТВЕТСТВЕННОСТЬ
Начальный элемент ввода Гришаева
Часть имени, кроме начального элемента ввода Ю. М.
Расширение инициалов личного имени Юлия Михайловна
701 #1 - ИМЯ ЛИЦА - АЛЬТЕРНАТИВНАЯ ОТВЕТСТВЕННОСТЬ
Начальный элемент ввода Лебедева
Часть имени, кроме начального элемента ввода Н. А.
Дополнения к именам, кроме дат канд. экон. наук, менеджмент, энергетика
Расширение инициалов личного имени Наталия Александровна
Системный номер авторитетной/нормативной записи 151095
Идентификатор авторитетной/нормативной записи RU\NLR\AUTH\770151133
701 #1 - ИМЯ ЛИЦА - АЛЬТЕРНАТИВНАЯ ОТВЕТСТВЕННОСТЬ
Начальный элемент ввода Березина
Часть имени, кроме начального элемента ввода Т. И.
Расширение инициалов личного имени Тамара Ивановна
712 02 - НАИМЕНОВАНИЕ ОРГАНИЗАЦИИ - ВТОРИЧНАЯ ОТВЕТСТВЕННОСТЬ
Код отношения Издающая организация
Начальный элемент ввода Московский педагогический государственный университет
Системный номер авторитетной/нормативной записи 281067
Идентификатор авторитетной/нормативной записи RU\NLR\AUTH\884751
942 ## - ДОПОЛНИТЕЛЬНЫЕ ЭЛЕМЕНТЫ ЗАПИСИ (АБИС)
Тип экземпляра АБИС Книга
980 ## - КОЛЛЕКЦИЯ
Название коллекции Национальная библиография

Нет доступных экземпляров.